000 nam a22 7a 4500
999 _c8271
_d8271
008 171213b xxu||||| |||| 00| 0 eng d
100 _94692
_aEDWARD.I ET,AL
245 _aBUSINESS MATHEMATICS
260 _aNEW YORK
_bTHE RONALD
_c1921